| 000 | 00643pab a2200217 454500 | ||
|---|---|---|---|
| 008 | 180718b2009 xxu||||| |||| 00| 0 eng d | ||
| 100 | _aBojorquez, Fabio | ||
| 245 | _aFederal grants to municipalities in Canada: nature, importance and impact on municipal investments, from 1990-2005 | ||
| 260 | _c2009 | ||
| 300 | _ap.439-55. | ||
| 362 | _aSep | ||
| 650 | _aMunicipalities - Canada | ||
| 650 | _aLocal government - Canada | ||
| 650 | _aFederal aid - Canada | ||
| 650 | _aFederal aid | ||
| 700 | _aVaillancourt, Francois | ||
| 700 | _aChampagne, Eric | ||
| 773 | _aCanadian Public Administration | ||
| 908 | _aN | ||
| 909 | _a84631 | ||
| 999 |
_c84631 _d84631 |
||